000 00296nam a2200133Ia 4500
100 _aThomas/G.B.
942 _cBK
654 _aCalculus
245 _aCalculus & analytic Geometry
260 _bAddison Wesly Pub.Co.
_aReading
_c1966
082 _a515
_bTho
300 _a1010
546 _aENGLISH
999 _c22502
_d22502